Piłka nożna - Manchester United - sprzedaże - Statystyki

Ogólne statystyki
  • Ten quiz został rozwiązany 90 razy
  • Średni wynik to 10 z 15
Statystyki odpowiedzi
miejsce kwota sezon klub kupujący pozycja i narodowość
zawodnika
zawodnik % Poprawnych
1. 94,00 mln € 09/10 Real Madryt napastnik/skrzydłowy, Portugalia Cristiano Ronaldo
100%
2. 74,00 mln € 19/20 Inter Mediolan napastnik, Belgia Romelu Lukaku
95%
4. 46,20 mln € 25/26 Chelsea FC skrzydłowy, Argentyna Alejandro Garnacho
80%
3. 63,00 mln € 15/16 PSG skrzydłowy/pomocnik Angel Di Maria
77%
5. 37,50 mln € 03/04 Real Madryt pomocnik, Anglia David Beckham
76%
7. 30,50 mln € 24/25 SSC Napoli środkowy pomocnik, Szkocja Scott McTominay
76%
13. 22,00 mln € 25/26 Real Betis skrzydłowy, Brazylia Antony
71%
9. 26,00 mln € 24/25 Olympique Marsylia skrzydłowy/napastnik, Anglia Mason Greenwood
68%
12. 22,93 mln € 23/24 Nottingham Forest skrzydłowy, Szwecja Anthony Elanga
61%
8. 29,10 mln € 21/22 Leeds United skrzydłowy, Walia Daniel James
60%
6. 34,00 mln € 17/18 Arsenal FC pomocnik, Armenia Henrikh Mkhitaryan
52%
10. 25,75 mln € 01/02 Lazio Rzym środkowy obrońca, Holandia Jaap Stam
44%
15. 20,00 mln € 14/15 Arsenal FC napastnik, Anglia Danny Welbeck
41%
14. 21,80 mln € 03/04 Chelsea FC środkowy pomocnik, Argentyna Juan Sebastian Veron
37%
11. 23,00 mln € 16/17 Everton FC defensywny pomocnik, Francja Morgan Schneiderlin
32%
Nie znaleziono quizów pasujących do podanych kryteriów
Rozkład punktacji
Procent ludzi z każdym wynikiem
Percentyl według liczby udzielonych odpowiedzi
Twoja historia wyników
Nie rozwiązałeś tego quizu